XI inicial de Boca Juniors - Década 2010 - Estadísticas

Estadísticas generales
  • Esta prueba ha sido intentada 169 veces
  • La puntuación promedio es 30 de 65
Estadísticas de respuestas
Player % Correcto
Frank Fabra
90%
Agustín Orión
87%
Darío Benedetto
87%
Esteban Andrada
87%
Agustín Rossi
86%
Carlos Tévez
86%
Juan Román Riquelme
83%
Nahitán Nández
82%
Cristian Pavón
81%
Wilmar Barrios
81%
Martín Palermo
77%
Pablo Pérez
77%
Carlos Izquierdoz
76%
Edwin Cardona
69%
Fernando Gago
69%
Jonathan Silva
69%
Santiago Silva
69%
Clemente Rodríguez
63%
Lisandro Magallán
62%
Lisandro López
60%
Julio Buffarini
59%
Nicolás Lodeiro
57%
Daniel Díaz
56%
Rolando Schiavi
52%
Rodrigo Bentancur
50%
Walter Erviti
50%
Juan Manuel Martínez
48%
Leonardo Jara
47%
Ricardo Centurión
47%
Jonathan Calleri
45%
Emanuel Más
44%
Mauro Zárate
44%
Pablo Mouche
44%
Cristian Chávez
42%
Lucas Viatri
41%
Juan Insaurralde
38%
Pablo Ledesma
37%
Cristian Erbes
36%
Emmanuel Gigliotti
35%
Facundo Roncaglia
35%
Sebastián Palacios
35%
Gino Peruzzi
34%
Leandro Somoza
34%
Nicolás Blandi
34%
Darío Cvitanich
31%
Fabián Monzón
31%
Paolo Goltz
29%
Marcelo Meli
27%
Sebastián Battaglia
27%
Leandro Marín
26%
Franco Sosa
25%
Diego Rivero
21%
Iván Marcone
20%
Juan Sánchez Miño
20%
Matías Caruzzo
20%
Nicolás Colazo
20%
Federico Carrizo
19%
Santiago Vergini
19%
Christian Cellay
18%
Juan Forlín
18%
Emanuel Insúa
17%
Agustín Almendra
14%
Christian Luccheti
13%
Gonzalo Castellani
12%
Mariano Echeverría
9%
No se encontraron pruebas coincidentes
Distribución de puntuación
Porcentaje de gente con cada puntuación
Porcentaje por número respondido
Historial de tus puntuaciones
No has intentado esta prueba.